Fusulinidae from the Graford Formation and Winchell Limestone, Canyon Group, Upper Pennsylvanian, in Brown County, Texas /

Bibliographic Details
Main Author: Myers, Donald A., 1921-
Format: Government Document Book
Language:English
Published: Washington : U.S. Govt. Print. Off, 1967.
Series:Geological Survey professional paper ; 573-C.
Geological Survey professional paper. Contributions to paleontology.
Subjects:

MARC

Tag First Indicator Second Indicator Subfields
LEADER 00000cam a2200000 4500
001 in00002782962
005 20151202171809.0
008 700309s1967 dcuab b 000 0 eng
010 |a  70604839  
035 |a (OCoLC)ocm00058566 
035 |a (OCoLC)58566 
040 |a DLC  |b eng  |c DLC  |d OWU  |d OCLCQ  |d BTCTA  |d OCLCG  |d OCLCQ  |d UtOrBLW 
043 |a n-us-tx 
049 |a TXAM 
050 0 0 |a QE75  |b .P9 no. 573-C 
051 |a QE772  |b .M93  |c Copy 2. 
082 0 0 |a 563/.1 
086 0 |a I 19.16:573-C 
100 1 |a Myers, Donald A.,  |d 1921- 
245 1 0 |a Fusulinidae from the Graford Formation and Winchell Limestone, Canyon Group, Upper Pennsylvanian, in Brown County, Texas /  |c by Donald A. Myers. 
264 1 |a Washington :  |b U.S. Govt. Print. Off,  |c 1967. 
300 |a iii, 17 pages, 6 unnumbered pages :  |b illustrations, map. ;  |c 29 cm. 
336 |a text  |b txt  |2 rdacontent 
337 |a unmediated  |b n  |2 rdamedia 
338 |a volume  |b nc  |2 rdacarrier 
490 1 |a Geological Survey professional paper ;  |v 573-C.  |a Contributions to paleontology 
504 |a Bibliography: pages 16-17. 
650 0 |a Fusulinidae. 
650 0 |a Paleontology  |y Pennsylvanian. 
650 0 |a Paleontology  |z Texas  |z Brown County. 
830 0 |a Geological Survey professional paper ;  |v 573-C. 
830 0 |a Geological Survey professional paper.  |p Contributions to paleontology. 
948 |a cataloged  |b h  |c 2012/12/11  |d c  |e mvaldespin  |f 11:04:08 am 
994 |a C0  |b TXA 
999 |a MARS 
999 f f |s e80fe512-0f7b-3d56-8452-81fb89c8ea4f  |i b4d5a8e2-45e8-3764-a9bc-33fa9c3bd52d  |t 0 
952 f f |p normal  |a Texas A&M University  |b College Station  |c Sterling C. Evans Library  |d Evans: US Documents (Annex 5th floor)  |t 0  |e I 19.16:573-C  |h Superintendent of Documents classification  |i unmediated -- volume  |m A14839368440 
998 f f |a I 19.16:573-C  |t 0  |l Evans: US Documents (Annex 5th floor)